00589nam a2200193 a 450000100060000000300080000600500170001400800410003103500190007204000270009104100080011808200210012610000200014724500680016726000470023530000320028250400480031460000330036262940BD-RjUL20211209081138.0170126s1972 nyua b 001 0 eng d a(BD-RjUL)63068 aDLCcDLCdBD-RjULbeng aeng a812.52bBOC 19721 aBogard, Travis.10aContour in time :bthe plays of Eugene O'Neill /cTravis Bogard aNew York :bOxford University Press,c1972 axx, 491 p. :bill. ;c24 cm aIncludes Bibliography: p. 475-476 and index10aO'Neill, Eugene,d1888-1953.